Amendments Quiz - Statistics

General Stats
  • This quiz has been taken 1,875 times
  • The average score is 22 of 27
Answer Stats
Hint Answer % Correct
Right to bear arms 2nd
100%
Freedom of religion, speech, press, assembly, and petition 1st
96%
No unreasonable search and seizure; requirements for valid warrants 4th
95%
Women's right to vote 19th
93%
Right to a speedy trial by jury, witnesses, council 6th
93%
Right to a Jury in civil lawsuits 7th
88%
Grand jury, due process, no double jeopardy, self incrimination, takings 5th
87%
Abolition of slavery 13th
86%
No cruel or unusual punishment, excessive fines 8th
85%
Rights not explicitly stated in the Constitution are reserved to the states or people 10th
84%
Non-enumerated rights of citizens are still protected 9th
84%
Prohibition 18th
82%
No forced housing of soldiers or any military service member in private homes 3rd
82%
Citizenship rights, equal protection, apportionment, Civil War debt 14th
81%
Income tax 16th
80%
Repeal of prohibition 21st
80%
Two-term limit on presidency 22nd
80%
Right to vote not denied based on race 15th
79%
Separates votes for the President and Vice President 12th
78%
Voting age is 18 26th
77%
Inauguration Day is on January 20th, presidential term 20th
75%
States are immune from lawsuits from out-of-state citizens and foreign individuals 11th
71%
Popular, direct election of Senators 17th
71%
Electoral votes for Washington D.C. 23rd
71%
Presidential line of succession 25th
71%
Congressional compensation changes don't take effect until the next election concludes 27th
71%
Prohibits poll taxes/any taxes to vote in federal elections 24th
69%
No matching quizzes found
Score Distribution
Percent of People with Each Score
Percentile by Number Answered
Your Score History
You have not taken this quiz